Statistics for Bolivia Country Quiz

Click here to take the quiz!

General Stats

  • This quiz has been taken 8,400 times
    (8,283 since last reset)
  • The average score is 13 of 20

Answer Stats

HintAnswer% Correct
Seat of governmentLa Paz
95%
Mountain range that runs through BoliviaAndes
93%
Who Bolivia was named forSimón Bolívar
93%
Bolivia and Paraguay are the only American countries that are ...Landlocked
88%
Bolivia has 37 of these, including Quechua and AymaraOfficial {Language}s
87%
Official capital citySucre
85%
Empire that controlled western Bolivia at the time of the Spanish conquestInca Empire
85%
Large lake shared with PeruTiticaca
81%
Argentinean Marxist shot in Bolivia in 1967Che Guevara
80%
Bolivia has an estimated 50–70% of world reserves of this battery componentLithium
72%
Leaf chewed to counter the effects of high elevation and also
used to produce illegal drugs
Coca
70%
Colonial name of BoliviaUpper {Peru}
50%
Staple crop domesticated in Peru and Bolivia before 5000 B.C.Potatoes
49%
War in which Bolivia lost its coastlineWar of the {Pacific}
42%
American outlaw duo killed in a shootout with Bolivian soldiers in 1908Butch Cassidy and the
Sundance Kid
40%
Plateau region of the above shared by Peru and BoliviaAlti{plano}
39%
First indigenous President of Bolivia, elected in 2006Evo Morales
35%
Most populous citySanta Cruz
32%
Full name of Bolivia{Plurinational} State of
Bolivia
27%
City at an elevation of 4090 meters, site of the richest vein of silver ever discoveredPotosí
23%

Score Distribution

Percentile by Number Answered

Percent of People with Each Score

Your Score History

You have not taken this quiz since the last reset